[Event "ISR-ch op"]
[Site "Acre"]
[Date "2024.01.29"]
[Round "9"]
[White "Vagman, Roy"]
[Black "Kochavi, Dana"]
[Result "1/2-1/2"]
[WhiteElo "2302"]
[BlackElo "2121"]
[PlyCount "33"]
[EventDate "2024.01.21"]
[EventType "swiss"]
[EventRounds "9"]
[EventCountry "ISR"]
[SourceTitle "CB05_2024"]
[SourceDate "2024.01.31"]
[SourceVersion "1"]
[SourceVersionDate "2024.01.31"]
[SourceQuality "1"]

1. e4 e5 2. Nf3 Nc6 3. Bc4 Bc5 4. d3 Nf6 5. Nc3 h6 6. h3 a6 7. Be3 d6 8. a3 0-0 9. 0-0 Re8 10. Nd5 Nxd5 11. Bxd5 Ne7 12. Bb3 Ng6 13. d4 exd4 14. Bxd4 Bxd4 15. Qxd4 Nf4 16. Rfe1 Be6 17. Bxe6 1/2-1/2

[Event "EU-ch U16 Girls 31st"]
[Site "Mamaia"]
[Date "2023.09.13"]
[Round "8"]
[White "Kochavi, Dana"]
[Black "Petrenko, Maryna"]
[Result "1-0"]
[WhiteElo "2138"]
[BlackElo "1699"]
[PlyCount "131"]
[EventDate "2023.09.05"]
[EventType "swiss"]
[EventRounds "9"]
[EventCountry "ROU"]
[SourceTitle "EXT 2024"]
[Source "ChessBase"]
[SourceDate "2023.10.10"]
[SourceVersion "1"]
[SourceVersionDate "2023.10.10"]
[SourceQuality "1"]

1. e4 c6 2. Nc3 d5 3. Nf3 Nf6 4. e5 Ne4 5. Ne2 Qb6 6. d4 e6 7. Ng3 c5 8. Bd3 Nxg3 9. fxg3 cxd4 10. 0-0 Nc6 11. Qe2 h6 12. a3 Bd7 13. Nh4 Be7 14. b4 g5 15. b5 Na5 16. Rxf7 gxh4 17. Qh5 0-0-0 18. Rxe7 Qc5 19. Bd2 Qxe7 20. Bxa5 Rdg8 21. Qxh4 Qxh4 22. gxh4 Be8 23. Bb4 b6 24. Rf1 Kd7 25. a4 Rg7 26. a5 Rhg8 27. g3 Rf7 28. Ra1 Kc7 29. Ra4 Rd7 30. Bd2 h5 31. Bb4 Rgg7 32. axb6+ axb6 33. Ra8 Rg8 34. Bh7 Rgg7 35. Rxe8 Rxh7 36. Rxe6 Kb7 37. Re8 Rc7 38. e6 Rxc2 39. e7 Re2 40. Rd8 Rhxe7 41. Bxe7 d3 42. Kf1 Rxe7 43. Rxd5 d2 44. Rxd2 Re5 45. Rb2 Kc7 46. Kf2 Kd6 47. h3 Rc5 48. g4 hxg4 49. hxg4 Ke5 50. h5 Kf4 51. Rb4+ Kg5 52. Ke3 Rc3+ 53. Kd4 Rc5 54. Kd3 Rd5+ 55. Kc3 Rc5+ 56. Kb3 Rc1 57. Re4 Rb1+ 58. Kc4 Rc1+ 59. Kd5 Rc2 60. Rc4 Rf2 61. Kc6 Rf6+ 62. Kb7 Re6 63. Ka6 Rh6 64. Rc6 Rh7 65. Rg6+ Kf4 66. Kxb6 1-0

[Event "ISR-chT (Women)"]
[Site "Ramat Gan"]
[Date "2023.07.07"]
[Round "3.2"]
[White "Kochavi, Dana"]
[Black "Rakhmangulova, Anastasiya"]
[Result "1/2-1/2"]
[WhiteElo "2101"]
[BlackElo "2347"]
[PlyCount "91"]
[EventDate "2023.07.06"]
[EventType "team-swiss"]
[EventRounds "5"]
[EventCountry "ISR"]
[SourceTitle "CBM 215 Extra"]
[Source "ChessBase"]
[SourceDate "2023.09.30"]
[SourceVersion "1"]
[SourceVersionDate "2023.09.30"]
[SourceQuality "1"]
[WhiteTeam "Ramat Gan Malkot Etude (W)"]
[BlackTeam "Haifa Nesher (W)"]
[WhiteTeamCountry "ISR"]
[BlackTeamCountry "ISR"]

1. e4 c5 2. Nf3 d6 3. d4 cxd4 4. Nxd4 Nf6 5. Nc3 a6 6. h3 e6 7. g4 Be7 8. g5 Nfd7 9. h4 b5 10. Bg2 Bb7 11. Be3 Ne5 12. Qe2 Nc4 13. a4 Nxe3 14. Qxe3 b4 15. Nce2 Nd7 16. c4 bxc3 17. Nxc3 0-0 18. 0-0 Re8 19. b4 Rc8 20. Rac1 Ne5 21. Nb3 Ng6 22. Qg3 Rc4 23. b5 axb5 24. Nxb5 Rxa4 25. Rfd1 d5 26. Nc5 Bxc5 27. Rxc5 Ra5 28. Nd6 Rxc5 29. Nxb7 Qb6 30. Nxc5 Qxc5 31. exd5 Rd8 32. d6 Ne7 33. Be4 Nd5 34. Bxd5 exd5 35. Re1 d4 36. Qe5 Qxe5 37. Rxe5 f6 38. Rd5 fxg5 39. hxg5 Kf7 40. Rxd4 Ke6 41. Rh4 Rxd6 42. Rxh7 Kf7 43. Rh3 Rd4 44. Rg3 Kg6 45. Kg2 Rf4 46. f3 1/2-1/2

[Event "EU-ch U16 Girls 30th"]
[Site "Antalya"]
[Date "2022.11.11"]
[Round "6"]
[White "Blokhin, Sofia"]
[Black "Kochavi, Dana"]
[Result "0-1"]
[WhiteElo "2098"]
[BlackElo "1928"]
[PlyCount "128"]
[EventDate "2022.11.06"]
[EventType "swiss"]
[EventRounds "9"]
[EventCountry "TUR"]
[SourceTitle "CBM 211 Extra"]
[Source "ChessBase"]
[SourceDate "2023.01.31"]
[SourceVersion "1"]
[SourceVersionDate "2023.01.31"]
[SourceQuality "1"]

1. d4 Nf6 2. Bf4 e6 3. e3 d5 4. Nf3 Be7 5. Nbd2 Nbd7 6. Bd3 b6 7. Ne5 Nxe5 8. dxe5 Nd7 9. h4 Bb7 10. Qg4 g6 11. h5 g5 12. Bh2 Nc5 13. Bb5+ c6 14. Be2 Qd7 15. a4 f5 16. exf6 Bxf6 17. Qb4 Ba6 18. a5 Qe7 19. Qa3 Bxe2 20. Kxe2 b5 21. c3 e5 22. Nf3 Nd7 23. Qb3 Rf8 24. Bg3 g4 25. Nh2 Bh4 26. Nf1 Bxg3 27. Nxg3 Nc5 28. Qa3 e4 29. Rhf1 Rf6 30. h6 Kd7 31. Rad1 Raf8 32. Nh5 Rxh6 33. Nf4 Ke8 34. Rh1 Rhf6 35. g3 h6 36. Rh4 Nd3 37. Qxe7+ Kxe7 38. Rxg4 Nxb2 39. Rd2 Nc4 40. Rd1 Kd6 41. a6 Kc7 42. Rg7+ R8f7 43. Rxf7+ Rxf7 44. Ne6+ Kb6 45. Nd4 Rf6 46. Ra1 Ne5 47. Ra2 Ng4 48. Ke1 Ne5 49. Nb3 Nd7 50. Nd4 Nc5 51. g4 Nd3+ 52. Kf1 Ne5 53. Kg2 Nxg4 54. Kg3 Ne5 55. Nc2 Rg6+ 56. Kh3 c5 57. Na1 Nd3 58. Nb3 Rg1 59. Na1 Rb1 60. Kg4 b4 61. cxb4 cxb4 62. Kh5 b3 63. Nxb3 Rxb3 64. Kxh6 Rb2 0-1

[Event "EU-ch U16 Girls 30th"]
[Site "Antalya"]
[Date "2022.11.08"]
[Round "3"]
[White "Shvedova, Alexandra"]
[Black "Kochavi, Dana"]
[Result "1/2-1/2"]
[WhiteElo "2090"]
[BlackElo "1928"]
[PlyCount "197"]
[EventDate "2022.11.06"]
[EventType "swiss"]
[EventRounds "9"]
[EventCountry "TUR"]
[SourceTitle "CBM 211 Extra"]
[Source "ChessBase"]
[SourceDate "2023.01.31"]
[SourceVersion "1"]
[SourceVersionDate "2023.01.31"]
[SourceQuality "1"]

1. e4 c6 2. d4 d5 3. e5 Bf5 4. Nf3 e6 5. Be2 Ne7 6. 0-0 h6 7. Nbd2 Bh7 8. Nb3 Ng6 9. a4 Be7 10. g3 0-0 11. h4 Re8 12. Be3 f6 13. h5 Nf8 14. Nh2 Nbd7 15. f4 c5 16. Nxc5 Nxc5 17. exf6 Bxf6 18. dxc5 Bxb2 19. Rb1 Qf6 20. Bd3 Bxd3 21. cxd3 Bd4 22. Qe2 Nd7 23. Nf3 Bxc5 24. Rxb7 Bxe3+ 25. Qxe3 Nb6 26. Ne5 Re7 27. Rxe7 Qxe7 28. a5 Nd7 29. Rc1 Nf6 30. g4 Qd8 31. Qc5 Nd7 32. Qc6 Nxe5 33. fxe5 Kh8 34. Qxe6 Qxa5 35. Rf1 Qc5+ 36. Kh1 Qe3 37. Qxd5 Qh3+ 38. Kg1 Qxg4+ 39. Qg2 Qd4+ 40. Kh1 Qh4+ 41. Qh2 Qg4 42. Re1 Re8 43. Qe2 Qh3+ 44. Kg1 Qg3+ 45. Kh1 Rf8 46. Rc1 Rf4 47. Rc4 Qh3+ 48. Kg1 Rf3 49. Rc8+ Qxc8 50. Qxf3 Qc5+ 51. Kf1 Qxe5 52. Qg4 a5 53. d4 Qe8 54. Qf3 a4 55. d5 Qa8 56. Qa3 Qxd5 57. Qxa4 Qxh5 58. Qe4 Qg5 59. Kf2 h5 60. Kf1 h4 61. Qe8+ Kh7 62. Qe4+ g6 63. Qb7+ Kh6 64. Qa8 Qe5 65. Kg2 Kh5 66. Qc6 Qf5 67. Qe8 Qc2+ 68. Kh3 Qd3+ 69. Kh2 Qd2+ 70. Kh3 Qc3+ 71. Kh2 Qg3+ 72. Kh1 Qf3+ 73. Kh2 h3 74. Qe5+ g5 75. Qe8+ Kh4 76. Qe1+ Kh5 77. Qe8+ Kg4 78. Qe6+ Qf5 79. Qe2+ Kh4 80. Qe1+ Kh5 81. Qe8+ Kh6 82. Qh8+ Kg6 83. Qxh3 g4 84. Qe3 Kh5 85. Qe8+ Kg5 86. Qe3+ Kh5 87. Qe8+ Kh6 88. Qe3+ Kg6 89. Qe8+ Kg7 90. Qe7+ Kh6 91. Qe3+ Kh7 92. Qe7+ Kg8 93. Qe8+ Kg7 94. Qe7+ Kg6 95. Qe8+ Kg5 96. Qe3+ Kf6 97. Kg3 Qe5+ 98. Qxe5+ Kxe5 99. Kxg4 1/2-1/2

[Event "Wch U16 Girls"]
[Site "Mamaia"]
[Date "2022.09.08"]
[Round "3"]
[White "Nurmanova, Alua"]
[Black "Kochavi, Dana"]
[Result "1-0"]
[WhiteElo "2158"]
[BlackElo "1894"]
[PlyCount "51"]
[EventDate "2022.09.06"]
[EventType "swiss"]
[EventRounds "11"]
[EventCountry "ROU"]
[SourceTitle "CBM 210 Extra"]
[Source "ChessBase"]
[SourceDate "2022.11.30"]
[SourceVersion "1"]
[SourceVersionDate "2022.11.30"]
[SourceQuality "1"]

1. e4 c6 2. d4 d5 3. e5 Bf5 4. h4 a6 5. Be3 c5 6. dxc5 Nc6 7. Nf3 e6 8. Be2 Qc7 9. c3 Nge7 10. Qa4 Ng6 11. Nbd2 h5 12. Bd4 Nf4 13. Bf1 Bd3 14. b4 Rc8 15. g3 Bxf1 16. Kxf1 Ng6 17. Kg2 Be7 18. Rae1 0-0 19. Qd1 Qd7 20. Ng5 Bxg5 21. hxg5 h4 22. Qh5 Nxd4 23. cxd4 Qb5 24. Nf3 Qxb4 25. Nxh4 Qxd4 26. Nf5 1-0